Reforming Ghana's public service: issues and experiences in comparative perspective (Record no. 57719)

000 -LEADER
fixed length control field 01331pab a2200181 454500
008 - FIXED-LENGTH DATA ELEMENTS--GENERAL INFORMATION
fixed length control field 180718b2003 xxu||||| |||| 00| 0 eng d
100 ## - MAIN ENTRY--PERSONAL NAME
Personal name Haruna, Peter Fuseini
245 ## - TITLE STATEMENT
Title Reforming Ghana's public service: issues and experiences in comparative perspective
260 ## - PUBLICATION, DISTRIBUTION, ETC.
Date of publication, distribution, etc. 2003
300 ## - PHYSICAL DESCRIPTION
Extent p.343-53.
362 ## - DATES OF PUBLICATION AND/OR SEQUENTIAL DESIGNATION
Dates of publication and/or sequential designation May-Jun
520 ## - SUMMARY, ETC.
Summary, etc. This article addresses how the public service can be reformed to make it relevant to the circumstances and useful to the majority of people living and working in Ghana. In many public administration journals, reforms in Sub-Saharan Africa have received scant attention. Using Ghana as a case study, this article first summarizes and evaluates that country's reform efforts and compares them to mainstream Anglo-American reform ideas. The article comments on the conceptualization of reform based on the notion of community, encompassing the unique political, social, and cultural experiences of the people of Ghana. Finally, the article discusses what a composite formulation of the notion of community might imply for a cross-cultural understanding of comparative public administration. - Reproduced.
650 ## - SUBJECT ADDED ENTRY--TOPICAL TERM
Topical term or geographic name entry element Public administration - Ghana
650 ## - SUBJECT ADDED ENTRY--TOPICAL TERM
Topical term or geographic name entry element Administrative reform - Ghana
650 ## - SUBJECT ADDED ENTRY--TOPICAL TERM
Topical term or geographic name entry element Administrative reform
773 ## - HOST ITEM ENTRY
Main entry heading Public Administration Review
909 ## -
-- 57719
Holdings
Withdrawn status Lost status Damaged status Not for loan Permanent Location Current Location Date acquired Serial Enumeration / chronology Barcode Date last seen Price effective from Koha item type
        Indian Institute of Public Administration Indian Institute of Public Administration 2018-07-19 Volume no: 63, Issue no: 3 AR58164 2018-07-19 2018-07-19 Articles

Powered by Koha